Their Name Starts With A - Statistics

General Stats
  • This quiz has been taken 26 times
  • The average score is 19 of 32
Answer Stats
Picture Hint Answer % Correct
Wanted - Maleficent Angelina Jolie
95%
Happy Gilmore - Billy Madison Adam Sandler
91%
Terminator - California Governor Arnold Schwarzenegger
91%
Rolling In The Deep - Someone Like You Adele
86%
Scarface - The Godfather Al Pacino
86%
Respect - A Natural Woman Aretha Franklin
86%
Former Wrestler - The Princess Bride (Movie) Andre The Giant
82%
The Devil Wears Prada - The Dark Knight Rises Anne Hathaway
82%
Silence of the Lambs - Thor Anthony Hopkins
82%
Wicked (Movie) - 7 Rings (Song) Ariana Grande
82%
School's Out - No More Mr. Nice Guy Alice Cooper
73%
Welcome to the Jungle - Paradise City Axl Rose
73%
Girl on Fire - Empire State of Mind Alicia Keys
68%
Sk8er Boi - I'm With You Avril Lavigne
68%
The Pianist - Predators Adrien Brody
64%
8 Time Grand Slam Winner - Olympic Gold Medalist Andre Agassi
64%
Amazing Spiderman - The Social Network Andrew Garfield
64%
That 70's Show - Dude Where's My Car? Ashton Kutcher
64%
Green Bay Packers - Pittsburgh Steelers Aaron Rodgers
55%
Star Wars The Force Awakens - The Last Duel Adam Driver
55%
Harry Potter - Die Hard Alan Rickman
50%
Pitch Perfect - Trolls Anna Kendrick
50%
The Amanda Show - All That Amanda Bynes
45%
New York Yankees Aaron Judge
41%
Black Panther - How Stella Got Her Groove Back Angela Bassett
41%
Democratic Representative from New York Alexandria Ocasio-Cortez
36%
Olympic Gold Medalist and World Champion Boxer Anthony Joshua
36%
Captain America Brave New World - 8 Mile Anthony Mackie
32%
Knives Out - Blade Runner 2049 Ana de Armas
27%
Elvis - Dune: Part Two Austin Butler
27%
The Dark Knight - Thank You For Smoking Aaron Eckhart
23%
The Walking Dead - Love Actually Andrew Lincoln
9%
No matching quizzes found
Score Distribution
Percent of People with Each Score
Percentile by Number Answered
Your Score History
You have not taken this quiz